000 00745nam a22002057a 4500
005 20180409115543.0
010 _aB-690868-869
020 _a9788186208472
_c400.00
035 _aB-690868-869
037 _aDPL
_bPansy
082 _a921
100 _aRaghunathan, V.
245 _aBiographical sketch of acharya Vinoba Bhave /
_c by V. Raghunathan
_b
260 _aNew Delhi
_bRaj Publications
_c2006
270 _a108, 4855/24,Ansari Road,Daryaganj,
_bNew Delhi
_e110002
300 _a192p.
_b22cm.(Hb)
500 _aBalidani
942 _2ddc
_cEN
_mRAG
_h921
999 _c150888
_d150888